La vie errante de George Borrow (Record no. 40583)

MARC details
000 -LEADER
campo de control de longitud fija 00506nam a2200169 i 4500
001 - NÚMERO DE CONTROL
campo de control 40583
003 - IDENTIFICADOR DE NÚMERO DE CONTROL
campo de control ES-MaACL
005 - FECHA Y HORA DE LA ÚLTIMA TRANSACCIÓN
campo de control 20230906160249.0
007 - CAMPO FIJO DE DESCRIPCIÓN FÍSICA--INFORMACIÓN GENERAL
campo de control de longitud fija t|
008 - DATOS DE LONGITUD FIJA--INFORMACIÓN GENERAL
campo de control de longitud fija 030306s1935 fr ||||1| fre d
100 1# - ENTRADA PRINCIPAL--NOMBRE DE PERSONA
Nombre de persona Capelin, Edgar.
9 (RLIN) 34816
245 13 - MENCIÓN DEL TÍTULO
Título La vie errante de George Borrow
Resto del título : romancier des nomades /
Mención de responsabilidad, etc. Edgar Capelin.
260 ## - PUBLICACIÓN, DISTRIBUCIÓN, ETC.
Lugar de publicación, distribución, etc. Paris :
Nombre del editor, distribuidor, etc. Les Presses de France,
Fecha de publicación, distribución, etc. [1935]
300 ## - DESCRIPCIÓN FÍSICA
Extensión 200 p. ;
Dimensiones 19 cm.
600 14 - PUNTO DE ACCESO ADICIONAL DE MATERIA--NOMBRE DE PERSONA
Nombre de persona Borrow, George Henry (
Fechas asociadas al nombre 1803-1881)
9 (RLIN) 30609
852 ## - LOCALIZACIÓN
Ubicación ES-MaACL
Número de control de estantería A-4543
Holdings
Estatus retirado Estado de pérdida Estado de daño No para préstamo Biblioteca de origen Biblioteca actual Ubicación en estantería Fecha de adquisición Fuente de adquisición Total de préstamos Signatura topográfica completa Código de barras Visto por última vez Precio de reemplazo Tipo de ítem Koha
        Biblioteca del Ateneo de Madrid Biblioteca del Ateneo de Madrid Sala Pecera Planta 1 17/01/2008     A-4543 1042726 23/02/2023 23/02/2023 Libro impreso